000 00466nam a2200181Ia 4500
001 21373
005 20260306172914.0
008 260306t1999||||xx |||||||||||||| ||spa||
041 _aESP
082 _a344.6
_bM38
100 _aMeini Méndez, Iván Fabio [1973-...]
_eAUT
245 0 _aLa responsabilidad penal de las personas jurídicas
260 _c1999
300 _a252 páginas :
_c20 cm.
650 _aGEN
654 _aCDE
942 _cLIB
_dJUS
_fJUS
_2ddc
_n
999 _c21373
_d21373